00245nam a2200097Ia 4500008004100000041000800041100002200049245004500071260002300116300000800139240521s9999 xx 000 0 und d aeng aOSCAR RIERA OJEDA aBEDMAR & SHI-IN THE TROPICS-THIRTY YEARS bOCTOPUS PUBLISHING a796